Spoločenská zodpovednosť v prostredí verejnej správy a samosprávy

Charakteristika verejnej správy a samosprávy v Slovenskej republike. Analýza možností vybranej samosprávy zo Slovenskej republiky pre implementáciu konceptov Corporate Social Responsiblity.

Saved in:
Bibliographic Details
Main Author: Jaďuďová, Jana
Other Authors: Repa, Martin
Format: Book Chapter
Language:Slovak
Subjects:
Tags: Add Tag
No Tags, Be the first to tag this record!

MARC

LEADER 00000naa a2200000 4500
001 0152724
005 20230113114623.8
041 0 |a slo 
044 |a CZ 
245 1 0 |a Spoločenská zodpovednosť v prostredí verejnej správy a samosprávy  |c Jana Jaďuďová, Martin Repa 
520 |a Charakteristika verejnej správy a samosprávy v Slovenskej republike. Analýza možností vybranej samosprávy zo Slovenskej republiky pre implementáciu konceptov Corporate Social Responsiblity. 
610 2 0 |a správa verejná 
610 2 0 |a samospráva 
610 2 0 |a Slovensko 
610 2 0 |a podnikanie zodpovedné 
610 2 0 |a zodpovednosť spoločenská 
100 1 |a Jaďuďová, Jana 
700 1 |a Repa, Martin